Eros en los cinco sentidos (Registro nro. 319115)

Detalles MARC
000 -ENCABEZADO
Número de control [NR] 00582nam a22001697a 4500
005 - FECHA Y HORA DE LA ÚLTIMA TRANSACCIÓN
control field 20210912072604.0
008 - DE LONGITUD FIJA DE DATOS DE ELEMENTOS - INFORMACIÓN GENERAL
Elementos de longitud fija [NR] 210902s1999 sp |||gr|||| 00| 0 spa d
020 ## - NUMERO INTERNACIONAL NORMALIZADO PARA LIBROS [R]
Número Internacional Normalizado del libro [NR] 9788425321146
082 ## - NUMERO DE CLASIFICACION DECIMAL DEWEY [R]
Número de la edición [NR] 20
Número de clasificación [R] 132.752
100 ## - ASIENTO PRINCIPAL--NOMBRE PERSONAL [NR]
Nombre personal [NR] Scipione Ferrero, Carlo
ID Autoridad 105181
245 10 - MENCION DE TITULO [NR]
Título [NR] Eros en los cinco sentidos
Mención de responsabilidad, etc. [NR] Carlo Scipione Ferrero ; traducción y adaptación Julius von Fuck
260 ## - PUBLICACION, DISTRIBUCION, ETC. (PIE DE IMPRENTA) [R]
Lugar de publicación, distribución, etc. [R] Barcelona
Nombre del editor, distribuidor, etc. [R] Grijalbo
Fecha de publicación, distribución, etc. [R] 1989
650 #7 - ASIENTO SECUNDARIO DE MATERIA - TERMINO TEMATICO [R]
Término temático o nombre geográfico como elemento de entrada [NR] Erotismo
9 (RLIN) 14720
650 #7 - ASIENTO SECUNDARIO DE MATERIA - TERMINO TEMATICO [R]
Término temático o nombre geográfico como elemento de entrada [NR] Arte erótico
9 (RLIN) 9480
700 1# - ASIENTO SECUNDARIO - NOMBRE PERSONAL [R]
Nombre personal [NR] Fuck, Julius von
9 (RLIN) 105907
942 ## - ELEMENTOS DE ENTRADA AGREGADOS (KOHA)
Sistema de clasificación DEWEY
Tema principal Filosofía
Tipo de ítem principal el descrito en 300a Libro
Edición 1
Clasificación 132.752
Parte restante de la signatura top. S418e
Título oculto en OPAC No
999 ## -
-- 319115
-- 319115
Existencias
Signatura topográfica Código de barras Última vez visto Ejemplar Costo de reposición Price effective from Tipo de ítem Perdido Sistema de clasificación Dañado No prestable Tipo de ítem específico Suprimido Ubicación habitual Ubicación actual Localización Fecha de creación Forma de adquisición Costo
132.752 S418e 100167825 05/12/2025 Ej.1 26000.00 12/09/2021 Libro   DEWEY     Libro   Claustro Claustro 2do piso 12/09/2021 Donación 0.00